[Event "Jerusalem Japhet Memorial op 2nd"]
[Site "Jerusalem"]
[Date "2014.07.20"]
[Round "4"]
[White "Kobo, Ori"]
[Black "Zaltz, Dov"]
[Result "1/2-1/2"]
[WhiteElo "2308"]
[BlackElo "2254"]
[PlyCount "41"]
[EventDate "2014.07.16"]
[EventType "swiss"]
[EventRounds "9"]
[EventCountry "ISR"]
[SourceTitle "CBM 161 Extra"]
[Source "ChessBase"]
[SourceDate "2014.08.29"]
[SourceVersion "1"]
[SourceVersionDate "2014.08.29"]
[SourceQuality "1"]

1. c4 g6 2. Nc3 Bg7 3. e4 d6 4. d4 Nf6 5. f4 0-0 6. Nf3 Na6 7. Be2 e5 8. 0-0 exd4 9. Nxd4 Re8 10. Bf3 c6 11. Re1 Qb6 12. Kh1 Ng4 13. Bxg4 Bxg4 14. Qxg4 Bxd4 15. Qe2 Nc5 16. e5 dxe5 17. f5 gxf5 18. Be3 Qa5 19. Rf1 f4 20. Bc1 b6 21. Be3 1/2-1/2

[Event "ISR-ch"]
[Site "Haifa"]
[Date "2010.11.08"]
[Round "1.5"]
[White "Zilberman, Yaacov"]
[Black "Zaltz, Dov"]
[Result "1-0"]
[WhiteElo "2481"]
[BlackElo "2316"]
[PlyCount "155"]
[EventDate "2010.11.08"]
[EventType "swiss"]
[EventRounds "9"]
[EventCountry "ISR"]
[SourceTitle "EXT 2011"]
[Source "ChessBase"]
[SourceDate "2010.11.26"]
[SourceVersion "1"]
[SourceVersionDate "2010.11.26"]
[SourceQuality "1"]

1. d4 Nf6 2. Nf3 g6 3. c4 Bg7 4. Nc3 0-0 5. e4 d6 6. Be2 e5 7. dxe5 dxe5 8. Qxd8 Rxd8 9. Bg5 Nbd7 10. 0-0-0 Rf8 11. Ne1 c6 12. Be3 Re8 13. Nc2 Nf8 14. f3 Ne6 15. g3 a5 16. b3 Bf8 17. Rd2 Bc5 18. Bxc5 Nxc5 19. Rhd1 Be6 20. Kb2 Kf8 21. Ne3 Ke7 22. Bf1 Red8 23. Rxd8 Rxd8 24. Rxd8 Kxd8 25. a3 Kc7 26. b4 axb4 27. axb4 Ncd7 28. c5 b6 29. Na4 Ne8 30. cxb6+ Nxb6 31. Nxb6 Kxb6 32. Bc4 Bxc4 33. Nxc4+ Kb5 34. Nxe5 Kxb4 35. Kc2 Nd6 36. Nxc6+ Kc5 37. Na5 Kd4 38. Kd2 f5 39. exf5 Nxf5 40. Nb3+ Kc4 41. Nc1 Kd4 42. Ne2+ Ke5 43. Kd3 Nd6 44. Nd4 Kd5 45. Nc2 Ke5 46. Ne3 Nf7 47. f4+ Kf6 48. Ke4 Nd6+ 49. Kd5 Nb5 50. Ng4+ Kf5 51. Nh6+ Kf6 52. Ke4 Nc3+ 53. Kf3 Nb5 54. Ng4+ Kf5 55. Ne3+ Kf6 56. g4 Nd6 57. Ng2 Ke6 58. Ne3 Kf6 59. Nf1 Ke6 60. Ng3 Kd5 61. h3 Ke6 62. Ne4 Nf7 63. Kg3 h6 64. Kh4 Kd5 65. Nf6+ Kd4 66. Ng8 Ke4 67. Kg3 g5 68. Nf6+ Ke3 69. f5 Kd4 70. h4 Ke5 71. Nh7 gxh4+ 72. Kxh4 Kf4 73. Kh5 Ne5 74. f6 Nf7 75. Nf8 Kg3 76. Ne6 Kf3 77. Nd4+ Kf4 78. Nf5 1-0

[Event "Dos Hermanas Internet qual-E 10th"]
[Site "ICC INT"]
[Date "2009.03.15"]
[Round "8"]
[White "Kovalyov, Anton"]
[Black "Zaltz, Dov"]
[Result "1-0"]
[WhiteElo "2557"]
[BlackElo "2301"]
[PlyCount "109"]
[EventDate "2009.03.15"]
[EventType "swiss (blitz)"]
[EventRounds "12"]
[EventCountry "ESP"]
[SourceTitle "CBM 129 Extra"]
[Source "ChessBase"]
[SourceDate "2009.05.05"]
[SourceVersion "2"]
[SourceVersionDate "2009.05.20"]
[SourceQuality "1"]

1. Nf3 Nf6 2. c4 g6 3. Nc3 d6 4. e4 Bg7 5. d4 0-0 6. Be2 e5 7. Be3 Ng4 8. Bg5 f6 9. Bc1 exd4 10. Nxd4 f5 11. h3 Nh6 12. Bxh6 Bxh6 13. exf5 gxf5 14. 0-0 Nc6 15. Nxc6 bxc6 16. Bf3 Bd7 17. Qd3 Qf6 18. b3 Rae8 19. Rad1 Kh8 20. Ne2 Rg8 21. Qd4 Bg7 22. Qxf6 Bxf6 23. Nd4 Bxd4 24. Rxd4 c5 25. Rd2 Re5 26. Kh2 Rge8 27. Rb1 a5 28. a3 Re1 29. Rbb2 Ra1 30. b4 cxb4 31. axb4 a4 32. b5 f4 33. Ra2 Rc1 34. Re2 Rxe2 35. Bxe2 Be6 36. Rxa4 Rc2 37. Ra8+ Kg7 38. Bd3 Rxf2 39. Ra7 f3 40. Rxc7+ Kf6 41. Kg3 Rxg2+ 42. Kxf3 Rh2 43. b6 Rxh3+ 44. Ke2 Rh2+ 45. Ke3 Rb2 46. b7 h5 47. Be4 h4 48. Rc8 h3 49. b8Q Rxb8 50. Rxb8 Bxc4 51. Rh8 Bf7 52. Rxh3 Ke5 53. Rh2 d5 54. Bd3 d4+ 55. Kd2 1-0

[Event "Ashdod op"]
[Site "Ashdod"]
[Date "2004.12.10"]
[Round "2"]
[White "Postny, Evgeny"]
[Black "Zaltz, Dov"]
[Result "1-0"]
[WhiteElo "2563"]
[BlackElo "2334"]
[PlyCount "97"]
[EventDate "2004.12.09"]
[EventType "swiss"]
[EventRounds "9"]
[EventCountry "ISR"]
[SourceTitle "CBM 103 Extra"]
[Source "ChessBase"]
[SourceDate "2005.01.01"]
[SourceVersion "1"]
[SourceVersionDate "2005.01.01"]
[SourceQuality "1"]

1. d4 Nf6 2. c4 g6 3. Nc3 Bg7 4. e4 d6 5. f3 0-0 6. Be3 c5 7. Nge2 Nc6 8. d5 Ne5 9. Ng3 e6 10. Be2 exd5 11. cxd5 h5 12. 0-0 Nh7 13. Qd2 h4 14. Nh1 g5 15. Nf2 Kh8 16. Kh1 Qf6 17. f4 gxf4 18. Bxf4 Qg6 19. Nd3 Rg8 20. Nxe5 Bxe5 21. Bxe5+ dxe5 22. Rf2 Bd7 23. Raf1 Rg7 24. Bd3 Rag8 25. Nd1 Ng5 26. Rf6 Qh7 27. Ne3 Qh5 28. Nc4 Nh7 29. Rh6 Qg5 30. Qxg5 Rxg5 31. Rxf7 R8g7 32. Rf8+ Rg8 33. Rxg8+ Kxg8 34. Rxh4 b5 35. Nd2 c4 36. Bc2 Bg4 37. Rh6 Nf8 38. h3 Be2 39. Rf6 Rg3 40. Kg1 Bd3 41. Kf2 Rg7 42. Bxd3 cxd3 43. Rf3 Rc7 44. Rxd3 Rc2 45. Ke3 Rxb2 46. Ra3 Nd7 47. Rxa7 Nc5 48. Rc7 Na4 49. d6 1-0

[Event "ISR-ch"]
[Site "Ramat Aviv"]
[Date "2004.09.25"]
[Round "5"]
[White "Gershon, Alik"]
[Black "Zaltz, Dov"]
[Result "1-0"]
[WhiteElo "2518"]
[BlackElo "2315"]
[PlyCount "120"]
[EventDate "2004.09.19"]
[EventType "swiss"]
[EventRounds "9"]
[EventCountry "ISR"]
[SourceTitle "CBM 102 Extra"]
[Source "ChessBase"]
[SourceDate "2004.11.03"]
[SourceVersion "1"]
[SourceVersionDate "2004.11.03"]
[SourceQuality "1"]

1. d4 Nf6 2. c4 g6 3. Nc3 Bg7 4. e4 d6 5. Be2 0-0 6. Nf3 e5 7. Be3 Ng4 8. Bg5 f6 9. Bh4 g5 10. Bg3 Nh6 11. h3 Nc6 12. d5 Ne7 13. Bh2 Ng6 14. g4 c5 15. Nd2 Nf4 16. Bf1 Nf7 17. Rb1 Bd7 18. b4 b6 19. Bg1 Nh8 20. f3 Rf7 21. Rh2 Bf8 22. bxc5 dxc5 23. Nb3 h5 24. a4 Rh7 25. a5 hxg4 26. hxg4 Rxh2 27. Bxh2 Nf7 28. Bg1 Nd6 29. axb6 axb6 30. Na1 Ra3 31. Qc1 Qa8 32. Be3 Be7 33. Qb2 Ra6 34. Nc2 Qf8 35. Ra1 Rxa1+ 36. Qxa1 Qb8 37. Qa6 Kf7 38. Na4 Bxa4 39. Qxa4 Qh8 40. Bxf4 gxf4 41. Kd2 Qh2+ 42. Kd3 Qg1 43. Be2 Qf2 44. Qa6 f5 45. gxf5 Nxe4 46. Qa1 Ng3 47. Qxe5 Bf6 48. Qe6+ Kg7 49. d6 b5 50. cxb5 c4+ 51. Kxc4 Nxe2 52. Qd7+ Kf8 53. Qc8+ Kg7 54. Qc7+ Kf8 55. d7 Qh4 56. b6 Bd8 57. Qc5+ Kf7 58. b7 Qf6 59. b8Q Qc3+ 60. Kb5 Qd3+ 1-0

[Event "ISR-ch"]
[Site "Ramat Aviv"]
[Date "2004.09.19"]
[Round "1"]
[White "Gruenfeld, Yehuda"]
[Black "Zaltz, Dov"]
[Result "1-0"]
[WhiteElo "2471"]
[BlackElo "2315"]
[PlyCount "68"]
[EventDate "2004.09.19"]
[EventType "swiss"]
[EventRounds "9"]
[EventCountry "ISR"]
[SourceTitle "CBM 102 Extra"]
[Source "ChessBase"]
[SourceDate "2004.11.03"]
[SourceVersion "1"]
[SourceVersionDate "2004.11.03"]
[SourceQuality "1"]

1. e4 c5 2. Nf3 d6 3. d4 cxd4 4. Nxd4 Nf6 5. Nc3 g6 6. Be3 Bg7 7. f3 0-0 8. Qd2 Nc6 9. Bc4 Bd7 10. h4 Ne5 11. Bb3 Rc8 12. 0-0-0 Nc4 13. Qe2 Nxe3 14. Qxe3 Qb6 15. Qd2 Qc5 16. g4 b5 17. h5 b4 18. Nce2 a5 19. hxg6 hxg6 20. Nf5 Bxf5 21. gxf5 a4 22. Bxa4 Qe5 23. Qd4 Qa5 24. Bb3 Nd7 25. Qd5 Rc5 26. Qd2 Rfc8 27. Kb1 Ne5 28. fxg6 Nc4 29. gxf7+ Kf8 30. Nf4 Nxd2+ 31. Rxd2 d5 32. exd5 Bf6 33. Rh7 Bg7 34. Rg2 Rxc2 1-0

[Event "Internet Section 18-B"]
[Site "Dos Hermanas"]
[Date "2003.03.19"]
[Round "9"]
[White "Nogueiras Santiago, Jesus"]
[Black "Zaltz, Dov"]
[Result "1-0"]
[WhiteElo "2528"]
[BlackElo "2324"]
[PlyCount "132"]
[EventDate "2003.03.18"]
[EventType "swiss (blitz)"]
[EventRounds "9"]
[EventCountry "ESP"]
[SourceTitle "EXT 2004"]
[Source "ChessBase"]
[SourceDate "2003.11.25"]
[SourceVersion "1"]
[SourceVersionDate "2003.11.25"]
[SourceQuality "1"]

1. g3 Nf6 2. Bg2 g6 3. e4 d6 4. d4 Bg7 5. Ne2 0-0 6. 0-0 e5 7. Nbc3 Nc6 8. dxe5 dxe5 9. Bg5 Qxd1 10. Rfxd1 h6 11. Be3 Bg4 12. h3 Bxe2 13. Nxe2 Rfd8 14. c3 Ne8 15. g4 Nd6 16. b3 a5 17. a4 b6 18. Ng3 Nb7 19. Bf1 Bf8 20. Bc4 Rxd1+ 21. Rxd1 Rd8 22. Rb1 Nc5 23. Kf1 Kg7 24. Ke2 Be7 25. Rh1 Bg5 26. h4 Bf4 27. Kf3 Bxe3 28. Kxe3 Rd6 29. Ne2 Nd8 30. f4 exf4+ 31. Nxf4 c6 32. h5 Nde6 33. e5 Rd7 34. hxg6 Nxf4 35. Kxf4 Kxg6 36. Rf1 Ne6+ 37. Ke3 Re7 38. Rf5 Nc5 39. Kf4 Nd7 40. Bd3 Kg7 41. g5 hxg5+ 42. Rxg5+ Kf8 43. Bh7 Ke8 44. Rg8+ Nf8 45. Bf5 Rc7 46. Rh8 Ke7 47. Rg8 Ne6+ 48. Bxe6 Kxe6 49. Ke4 Rd7 50. Re8+ Re7 51. Rd8 Rd7 52. Re8+ Re7 53. Rxe7+ Kxe7 54. Kf5 b5 55. c4 bxa4 56. bxa4 Ke8 57. Kf6 Kf8 58. c5 Ke8 59. e6 Kf8 60. Ke5 Ke7 61. exf7 Kxf7 62. Kd6 Ke8 63. Kxc6 Kd8 64. Kb6 Kc8 65. Kxa5 Kb7 66. Kb5 Kc7 1-0

[Event "Internet Section 18-B"]
[Site "Dos Hermanas"]
[Date "2003.03.18"]
[Round "7"]
[White "Grebionkin, Vladimir"]
[Black "Zaltz, Dov"]
[Result "1-0"]
[WhiteElo "2463"]
[BlackElo "2324"]
[PlyCount "135"]
[EventDate "2003.03.18"]
[EventType "swiss (blitz)"]
[EventRounds "9"]
[EventCountry "ESP"]
[SourceTitle "EXT 2004"]
[Source "ChessBase"]
[SourceDate "2003.11.25"]
[SourceVersion "1"]
[SourceVersionDate "2003.11.25"]
[SourceQuality "1"]

1. Nf3 Nf6 2. c4 g6 3. Nc3 Bg7 4. e4 d6 5. d4 0-0 6. Be2 e5 7. 0-0 Nc6 8. d5 Ne7 9. b4 a5 10. Ba3 axb4 11. Bxb4 Nd7 12. a4 Bh6 13. a5 f5 14. Bd3 Rf7 15. Nd2 Kh8 16. Nb3 Nf6 17. Ba3 Bf4 18. f3 Be3+ 19. Kh1 f4 20. c5 Nh5 21. Ne2 Ng8 22. Qe1 g5 23. g4 Nhf6 24. h3 h5 25. Kg2 Qf8 26. gxh5 Rh7 27. cxd6 cxd6 28. Qb4 Rxh5 29. Rh1 Qh6 30. Ng1 Bxg1 31. Raxg1 Rxh3 32. Qxd6 Qh4 33. Nd2 Rxa5 34. Bb2 Ra2 35. Qxe5 g4 36. fxg4 Bxg4 37. Rxh3 Bxh3+ 38. Kf3 Bg4+ 39. Kxf4 Qf2+ 40. Kg5 Qxd2+ 41. Qf4 Qxf4+ 42. Kxf4 Rxb2 43. d6 Rf2+ 44. Ke3 Rf3+ 45. Kd4 Bd7 46. e5 Rxd3+ 47. Kxd3 Ng4 48. Kd4 Nxe5 49. Kxe5 b5 50. Rc1 Kg7 51. Rg1+ Kf7 52. Rf1+ Ke8 53. Rg1 Kf7 54. Rh1 Kg7 55. Rf1 b4 56. Rb1 Nf6 57. Rxb4 Ng4+ 58. Kd5 Kf7 59. Rf4+ Nf6+ 60. Ke5 Kg7 61. Rxf6 Kg8 62. Rf4 Kg7 63. Kd5 Kg8 64. Kc5 Kg7 65. Kb6 Kg8 66. Kc7 Be6 67. d7 Bxd7 68. Kxd7 1-0

[Event "Internet Section 18-B"]
[Site "Dos Hermanas"]
[Date "2003.03.18"]
[Round "2"]
[White "Zaltz, Dov"]
[Black "Becerra Rivero, Julio"]
[Result "0-1"]
[WhiteElo "2324"]
[BlackElo "2534"]
[PlyCount "110"]
[EventDate "2003.03.18"]
[EventType "swiss (blitz)"]
[EventRounds "9"]
[EventCountry "ESP"]
[SourceTitle "EXT 2004"]
[Source "ChessBase"]
[SourceDate "2003.11.25"]
[SourceVersion "1"]
[SourceVersionDate "2003.11.25"]
[SourceQuality "1"]

1. e4 c5 2. Nf3 d6 3. d4 cxd4 4. Nxd4 Nf6 5. Nc3 Nc6 6. Bc4 e6 7. Be3 Be7 8. Qe2 Bd7 9. Bb3 Rc8 10. f3 0-0 11. 0-0-0 Na5 12. Ndb5 Nxb3+ 13. axb3 Qa5 14. Kb1 Rc6 15. Rd4 a6 16. Ra4 Qd8 17. Nd4 Rxc3 18. bxc3 Bxa4 19. bxa4 d5 20. e5 Nd7 21. f4 Nb6 22. Nb3 Nxa4 23. Bd4 Qc7 24. Qd3 Rc8 25. Kc1 Nxc3 26. Bxc3 Qxc3 27. Qxc3 Rxc3 28. Kb2 Rc4 29. g3 Bb4 30. Rd1 h5 31. Rd3 Kh7 32. Nc1 Bc5 33. Ne2 b5 34. c3 a5 35. Nc1 Kg6 36. Nb3 Bb6 37. Rd1 Re4 38. Rd2 a4 39. Na1 Bc5 40. Nc2 Kf5 41. Na3 Bxa3+ 42. Kxa3 Rc4 43. Kb2 Ke4 44. Re2+ Kf3 45. Rc2 g6 46. Kc1 d4 47. cxd4 Rxc2+ 48. Kxc2 Ke4 49. Kc3 Kd5 50. h3 a3 51. g4 hxg4 52. hxg4 b4+ 53. Kb3 Kxd4 54. f5 Kxe5 55. fxg6 fxg6 0-1

[Event "Internet Section 17-B"]
[Site "Dos Hermanas"]
[Date "2003.03.17"]
[Round "2"]
[White "Jaracz, Pawel"]
[Black "Zaltz, Dov"]
[Result "1-0"]
[WhiteElo "2546"]
[BlackElo "2324"]
[PlyCount "87"]
[EventDate "2003.03.17"]
[EventType "swiss (blitz)"]
[EventRounds "9"]
[EventCountry "ESP"]
[SourceTitle "EXT 2004"]
[Source "ChessBase"]
[SourceDate "2003.11.25"]
[SourceVersion "1"]
[SourceVersionDate "2003.11.25"]
[SourceQuality "1"]

1. e4 c5 2. Nf3 d6 3. Bb5+ Bd7 4. Bxd7+ Qxd7 5. c4 Nc6 6. Nc3 Nf6 7. d4 cxd4 8. Nxd4 g6 9. f3 Bg7 10. Nde2 0-0 11. 0-0 a6 12. Kh1 e6 13. Bg5 h6 14. Bh4 Ne5 15. b3 g5 16. Bf2 Nh5 17. Qd2 Rac8 18. a4 Nc6 19. Bb6 Be5 20. g3 Ne7 21. Rad1 Kh7 22. f4 gxf4 23. gxf4 Bxc3 24. Nxc3 Rc6 25. a5 Ng6 26. e5 Rxb6 27. axb6 Qc6+ 28. Qg2 Qxg2+ 29. Kxg2 Nhxf4+ 30. Kf3 dxe5 31. Rd7 Nh4+ 32. Ke4 Nfg2 33. Rfxf7+ Rxf7 34. Rxf7+ Kg6 35. Rxb7 Nf5 36. Kxe5 Nge3 37. Rb8 Ng4+ 38. Kxe6 Nd4+ 39. Kd5 Nxb3 40. Rg8+ Kf5 41. Rxg4 Kxg4 42. b7 Na5 43. b8Q Nc6 44. Kxc6 1-0

[Event "Internet Section 15-B"]
[Site "Dos Hermanas"]
[Date "2003.03.16"]
[Round "9"]
[White "Zaltz, Dov"]
[Black "Sinclair, Devlin"]
[Result "1-0"]
[WhiteElo "2324"]
[BlackElo "2176"]
[PlyCount "69"]
[EventDate "2003.03.15"]
[EventType "swiss (blitz)"]
[EventRounds "9"]
[EventCountry "ESP"]
[SourceTitle "EXT 2004"]
[Source "ChessBase"]
[SourceDate "2003.11.25"]
[SourceVersion "1"]
[SourceVersionDate "2003.11.25"]
[SourceQuality "1"]

1. e4 e5 2. Nf3 Nc6 3. d4 exd4 4. Bc4 Nf6 5. e5 d5 6. Bb5 Ne4 7. Nxd4 Bd7 8. Bxc6 Bxc6 9. 0-0 Bc5 10. Be3 Bxd4 11. Qxd4 0-0 12. f3 Ng5 13. f4 Ne6 14. Qd2 d4 15. Bf2 Qd5 16. Bg3 Nc5 17. Qe2 Ne4 18. Nd2 Nxg3 19. hxg3 Rad8 20. Nf3 Bb5 21. Qf2 Bxf1 22. Rxf1 c5 23. g4 Qe4 24. Qg3 f6 25. Re1 Qxc2 26. exf6 gxf6 27. f5 Rde8 28. Rf1 Re2 29. g5 fxg5 30. Nxg5 Kh8 31. Qh3 Re7 32. f6 Re3 33. Qh6 Ree8 34. f7 Rd8 35. Qf6# 1-0

[Event "Internet Section 15-B"]
[Site "Dos Hermanas"]
[Date "2003.03.15"]
[Round "4"]
[White "Grebionkin, Vladimir"]
[Black "Zaltz, Dov"]
[Result "1-0"]
[WhiteElo "2463"]
[BlackElo "2324"]
[PlyCount "129"]
[EventDate "2003.03.15"]
[EventType "swiss (blitz)"]
[EventRounds "9"]
[EventCountry "ESP"]
[SourceTitle "EXT 2004"]
[Source "ChessBase"]
[SourceDate "2003.11.25"]
[SourceVersion "1"]
[SourceVersionDate "2003.11.25"]
[SourceQuality "1"]

1. Nf3 Nf6 2. c4 g6 3. Nc3 Bg7 4. e4 d6 5. d4 0-0 6. Be2 e5 7. 0-0 Nc6 8. d5 Ne7 9. b4 a5 10. Ba3 axb4 11. Bxb4 Nd7 12. a4 Nc5 13. a5 Bd7 14. Qb1 Rb8 15. Rd1 h6 16. Nb5 Nc8 17. Nd2 f5 18. Bxc5 dxc5 19. Nb3 b6 20. a6 Bxb5 21. cxb5 Nd6 22. Nd2 Bf6 23. exf5 gxf5 24. Nc4 e4 25. Ra4 Bd4 26. Nxd6 cxd6 27. Raxd4 cxd4 28. Rxd4 Rc8 29. g3 Qg5 30. Kg2 Rc1 31. Qb4 Rc2 32. Bd1 Rc5 33. Qa3 Qf6 34. Rb4 Ra8 35. Qe3 Ra7 36. Qf4 Kg7 37. Qe3 Qe5 38. g4 f4 39. Qxe4 Qxe4+ 40. Rxe4 Rxb5 41. Rxf4 Rxd5 42. Be2 b5 43. Bf3 Rc5 44. Bb7 Rc7 45. Rd4 Raxb7 46. axb7 Rxb7 47. Rxd6 b4 48. Rd2 b3 49. Rb2 Kf6 50. Kf3 Ke5 51. Ke3 Kd5 52. Kd3 Ke5 53. Ke3 Kd5 54. Kd3 Ke5 55. Kc4 Kf4 56. h3 Kf3 57. Rxb3+ Rxb3 58. Kxb3 Kxf2 59. h4 Kg3 60. g5 h5 61. g6 Kxh4 62. g7 Kh3 63. g8Q h4 64. Qg5 Kh2 65. Qxh4+ 1-0

[Event "ISR-ch"]
[Site "Jerusalem"]
[Date "1996.??.??"]
[Round "2"]
[White "Birnboim, Nathan"]
[Black "Zaltz, Dov"]
[Result "1-0"]
[WhiteElo "2385"]
[BlackElo "2260"]
[PlyCount "123"]
[EventDate "1996.10.26"]
[EventType "swiss"]
[EventRounds "9"]
[EventCountry "ISR"]
[SourceTitle "CBM 056"]
[Source "ChessBase"]
[SourceDate "1997.02.01"]
[SourceVersion "1"]
[SourceVersionDate "1997.02.01"]
[SourceQuality "1"]

1. d4 Nf6 2. c4 g6 3. g3 Bg7 4. Bg2 0-0 5. Nf3 d6 6. 0-0 c5 7. Nc3 Nc6 8. d5 Na5 9. Nd2 e5 10. b3 Ne8 11. e4 f5 12. exf5 gxf5 13. Bb2 a6 14. Qc2 Rb8 15. Nd1 f4 16. Nc3 b5 17. Nce4 Bf5 18. Bc3 Nb7 19. Nf3 Nf6 20. Nh4 Bxe4 21. Bxe4 Nxe4 22. Qxe4 Qd7 23. Kh1 Nd8 24. Rg1 fxg3 25. fxg3 Nf7 26. Qf5 Qe7 27. Raf1 Nh6 28. Qh3 bxc4 29. bxc4 e4 30. Bxg7 Kxg7 31. Ng2 Rxf1 32. Rxf1 e3 33. Nf4 Qe4+ 34. Kg1 e2 35. Qd7+ Kh8 36. Re1 Rb1 37. Qd8+ Ng8 38. Qa5 Qd4+ 39. Kg2 Qe4+ 40. Kf2 Qd4+ 41. Kf3 Rb2 42. Qd8 Qc3+ 43. Kf2 Qd4+ 44. Kg2 Qxc4 45. Qxd6 Qe4+ 46. Kf2 Qd4+ 47. Kf3 Rxa2 48. Rxe2 Rxe2 49. Kxe2 Qe4+ 50. Kf2 Qd4+ 51. Kf3 a5 52. Qe6 a4 53. d6 a3 54. d7 a2 55. Qxa2 Qxd7 56. Qc4 Qd4 57. Qxd4+ cxd4 58. Ke4 Kg7 59. Kxd4 Kf6 60. Nd5+ Kf5 61. h3 Nh6 62. Ne3+ 1-0

[Event "ISR-ch"]
[Site "Jerusalem"]
[Date "1996.??.??"]
[Round "4"]
[White "Maryasin, Boris Feliksovich"]
[Black "Zaltz, Dov"]
[Result "1/2-1/2"]
[WhiteElo "2400"]
[BlackElo "2260"]
[PlyCount "126"]
[EventDate "1996.10.26"]
[EventType "swiss"]
[EventRounds "9"]
[EventCountry "ISR"]
[SourceTitle "CBM 056"]
[Source "ChessBase"]
[SourceDate "1997.02.01"]
[SourceVersion "1"]
[SourceVersionDate "1997.02.01"]
[SourceQuality "1"]

1. e4 c5 2. Nf3 d6 3. d4 cxd4 4. Nxd4 Nf6 5. Nc3 g6 6. Be2 Bg7 7. 0-0 0-0 8. Nb3 Nbd7 9. Be3 a6 10. a4 b6 11. f4 Bb7 12. Bf3 Rc8 13. Qe1 Rc7 14. Bd4 e5 15. fxe5 dxe5 16. Bf2 Qe7 17. Rd1 Qb4 18. Qd2 Rfc8 19. Qe2 Bf8 20. Be1 Qc4 21. Qxc4 Rxc4 22. Be2 R4c7 23. Bd3 Kg7 24. Bh4 Bb4 25. Nd5 Nxd5 26. exd5 f5 27. d6 Rc6 28. Be7 e4 29. c3 Bxc3 30. Bxe4 fxe4 31. bxc3 Rxc3 32. Nd4 Rd3 33. Ne6+ Kg8 34. Rxd3 exd3 35. Rd1 Rc3 36. Kf2 Bc6 37. Ke3 Bxa4 38. Rxd3 Rxd3+ 39. Kxd3 Bc6 40. g4 h6 41. g5 hxg5 42. Bxg5 Bb5+ 43. Kd4 Kf7 44. Nd8+ Ke8 45. Ne6 Bf1 46. Nf4 Kf7 47. Bd8 b5 48. h4 Bc4 49. Ba5 Kf6 50. Bd8+ Kf5 51. Ng2 Bf7 52. Ne3+ Ke6 53. Bc7 Ne5 54. Kc5 Kd7 55. Nc2 Nd3+ 56. Kd4 Nf4 57. Ke5 Nd3+ 58. Kd4 Nf4 59. Ke5 Ng2 60. Nb4 Nxh4 61. Nxa6 Nf5 62. Nb8+ Kc8 63. Nc6 Kd7 1/2-1/2

[Event "ISR-ch"]
[Site "Ramat Gan"]
[Date "1992.??.??"]
[Round "10"]
[White "Zaltz, Dov"]
[Black "Kogan, Artur"]
[Result "1-0"]
[WhiteElo "2300"]
[BlackElo "2350"]
[PlyCount "91"]
[EventDate "1992.??.??"]
[EventType "swiss"]
[EventRounds "11"]
[EventCountry "ISR"]
[SourceTitle "TD"]
[Source "ChessBase"]
[SourceDate "1994.03.01"]
[SourceVersion "1"]
[SourceVersionDate "1994.03.01"]
[SourceQuality "1"]

1. e4 c5 2. Nf3 Nc6 3. d4 cxd4 4. Nxd4 Qc7 5. Nc3 e6 6. Be2 a6 7. 0-0 Nf6 8. Be3 Bb4 9. Nxc6 bxc6 10. Na4 Rb8 11. f4 Nxe4 12. c4 d5 13. c5 Qe7 14. a3 Ba5 15. Bd3 f5 16. Rc1 0-0 17. Bxe4 fxe4 18. Nb6 Qc7 19. Qd4 Rf7 20. b4 Bxb6 21. cxb6 Qd6 22. a4 Bb7 23. Qd2 Re8 24. Bd4 Rf5 25. Be5 Qd8 26. Qd4 Rf7 27. Rc3 Ree7 28. Re1 Qa8 29. a5 Rd7 30. Rg3 Qd8 31. Rg4 Qe7 32. Re3 Kf8 33. Reg3 g6 34. h4 Ke8 35. h5 Kd8 36. hxg6 hxg6 37. Rxg6 Kc8 38. Rg8+ Rd8 39. R8g7 Rdf8 40. Rxf7 Rxf7 41. Rg8+ Rf8 42. Bd6 Qxd6 43. Qe5 Qxe5 44. Rxf8+ Kd7 45. fxe5 c5 46. Rf7+ 1-0

[Event "ISR-ch"]
[Site "Ramat Gan"]
[Date "1992.??.??"]
[Round "7"]
[White "Zaltz, Dov"]
[Black "Porper, Edward"]
[Result "0-1"]
[WhiteElo "2300"]
[BlackElo "2395"]
[PlyCount "96"]
[EventDate "1992.??.??"]
[EventType "swiss"]
[EventRounds "11"]
[EventCountry "ISR"]
[SourceTitle "TD"]
[Source "ChessBase"]
[SourceDate "1994.03.01"]
[SourceVersion "1"]
[SourceVersionDate "1994.03.01"]
[SourceQuality "1"]

1. e4 c5 2. Nf3 Nc6 3. d4 cxd4 4. Nxd4 Qb6 5. Nb3 Nf6 6. Nc3 e6 7. Bd3 Be7 8. 0-0 d6 9. Be3 Qc7 10. f4 Bd7 11. Kh1 h5 12. Nd2 Ng4 13. Bg1 g5 14. f5 Nce5 15. Bb5 a6 16. Bxd7+ Qxd7 17. a4 h4 18. Nf3 h3 19. g3 Nxf3 20. Qxf3 Ne5 21. Qe2 Qc6 22. Bd4 Rh6 23. a5 Rc8 24. Ra4 Nc4 25. fxe6 fxe6 26. Qf3 Kd7 27. Qg4 Rf8 28. Rxf8 Bxf8 29. b3 Ne5 30. Bxe5 dxe5 31. Rc4 Qd6 32. Nd5 Qa3 33. Nb6+ Ke8 34. Rc8+ Kf7 35. Qf3+ Kg7 36. Rc7+ Be7 37. Qd1 Rf6 38. Nc4 Qb4 39. c3 Qxb3 40. Rxe7+ Kh6 41. Rh7+ Kxh7 42. Qh5+ Kg7 43. Qxg5+ Kf7 44. Nxe5+ Ke8 45. Qg8+ Rf8 46. Qg6+ Kd8 47. Qg5+ Kc8 48. Qc1 Qc2 0-1

[Event "ISR-ch"]
[Site "Ramat Gan"]
[Date "1992.??.??"]
[Round "3"]
[White "Zaltz, Dov"]
[Black "Sivan, Yaacov"]
[Result "0-1"]
[WhiteElo "2300"]
[BlackElo "2275"]
[PlyCount "84"]
[EventDate "1992.??.??"]
[EventType "swiss"]
[EventRounds "11"]
[EventCountry "ISR"]
[SourceTitle "TD"]
[Source "ChessBase"]
[SourceDate "1994.03.01"]
[SourceVersion "1"]
[SourceVersionDate "1994.03.01"]
[SourceQuality "1"]

1. e4 c5 2. Nf3 d6 3. d4 cxd4 4. Nxd4 Nf6 5. Nc3 g6 6. Be3 Bg7 7. f3 0-0 8. Bc4 Nc6 9. Qd2 Bd7 10. 0-0-0 Rc8 11. Bb3 Ne5 12. h4 h5 13. Kb1 Nc4 14. Bxc4 Rxc4 15. Nb3 Qc7 16. Bd4 Be6 17. Rhe1 Rd8 18. Qe3 b6 19. Qe2 Rc8 20. e5 dxe5 21. Bxe5 Qb7 22. Nd4 Bd7 23. Ne4 Nxe4 24. Bxg7 Kxg7 25. Qxe4 Qxe4 26. Rxe4 Kf6 27. Rf4+ Bf5 28. b3 Rxd4 29. Rdxd4 e5 30. Rxf5+ gxf5 31. Rd6+ Ke7 32. Rd2 Ke6 33. c4 e4 34. Re2 Ke5 35. Kc2 Rc7 36. Kc3 Rd7 37. Kb4 Rd1 38. Kb5 Kd4 39. fxe4 fxe4 40. Rf2 e3 41. Rxf7 e2 42. Rd7+ Kc3 0-1

[Event "ISR-ch"]
[Site "Rishon Le Ziyyon"]
[Date "1990.??.??"]
[Round "?"]
[White "Manor, Ilan"]
[Black "Zaltz, Dov"]
[Result "0-1"]
[WhiteElo "2450"]
[BlackElo "2250"]
[PlyCount "80"]
[EventDate "1990.05.06"]
[EventType "swiss"]
[EventRounds "11"]
[EventCountry "ISR"]
[SourceTitle "EXT 2004"]
[Source "ChessBase"]
[SourceDate "2003.11.25"]
[SourceVersion "1"]
[SourceVersionDate "2003.11.25"]
[SourceQuality "1"]

1. e4 e6 2. d4 d5 3. Nd2 Nf6 4. e5 Nfd7 5. Bd3 c5 6. c3 Nc6 7. Ne2 cxd4 8. cxd4 f6 9. exf6 Nxf6 10. 0-0 Bd6 11. Nf3 Qc7 12. g3 0-0 13. Bf4 Bd7 14. Rc1 Nh5 15. Bxd6 Qxd6 16. Nc3 g6 17. Nb5 Qe7 18. Be2 a6 19. Nc3 Ng7 20. Na4 Nf5 21. Nc5 Be8 22. Qd2 Qf6 23. Rcd1 Rf7 24. a3 Rc8 25. b4 Re7 26. Rfe1 h6 27. h4 Kg7 28. Qf4 Bf7 29. Bf1 Rd8 30. Bh3 Nd6 31. Qxf6+ Kxf6 32. Ne5 Nf5 33. Nxb7 Rxb7 34. Nxc6 Rc8 35. Rc1 Rbc7 36. g4 Nxd4 37. g5+ hxg5 38. hxg5+ Kxg5 39. Nxd4 Rxc1 40. f4+ Kf6 0-1